000 00481nam a2200145Ia 4500
003 OSt
005 20260331153733.0
008 211028s2011 xx 000 0 und d
040 _cAIMIT LIBRARY
041 _aeng
100 _aMartin, Vivek Antonio;Shridhar, Sambatur.
_g916078
_96839
245 _aFeasibility study of setting up an automated service station in Mangalore with reference to M/s U S Babu Rau /
260 _aMangalore
_bShridhar, Sambatur
_c2011
942 _2ddc
_cPRO
999 _c218409
_d218409